| 000 | 00667nas a2200241 4500 | ||
|---|---|---|---|
| 001 | BR8902754 | ||
| 003 | BR-BrBNA | ||
| 005 | 20231205091556.0 | ||
| 007 | ta | ||
| 008 | 230509b bl.|||p| |||| 00| 00por d | ||
| 040 |
_aBR-BrBNA _bpor _cBiblioteca Nacional de Agricultura |
||
| 041 | _a(Pt) | ||
| 072 | _aL73 | ||
| 100 | 1 | _aArantes, G.J. | |
| 245 | 1 | _aDiarreia neonatal dos bezerros | |
| 650 | _aDIARREIA | ||
| 650 | _aBEZERRO | ||
| 650 | _aCOLIBACILOSE | ||
| 650 | _aSALMONELOSE | ||
| 773 | 0 |
_tRevista dos Criadores (Brazil) _xISSN 0034-9259 _g(Mar 1989), v. 58(710) p. 36-37 _wBR8902754 |
|
| 909 |
_a202311 _bLúcia _c55 _dLúcia Elande |
||
| 942 |
_2AGRIS _n0 _cANA |
||
| 999 |
_c125979 _d125979 |
||